[Event "Milan Carnevale op 4th"]
[Site "Milan"]
[Date "2013.02.17"]
[Round "6"]
[White "Gongalov, Bojan"]
[Black "Egli, Urs Martin"]
[Result "0-1"]
[WhiteElo "2118"]
[BlackElo "2099"]
[PlyCount "106"]
[EventDate "2013.02.13"]
[EventType "swiss"]
[EventRounds "6"]
[EventCountry "ITA"]
[SourceTitle "EXT 2014"]
[Source "ChessBase"]
[SourceDate "2013.11.20"]
[SourceVersion "1"]
[SourceVersionDate "2013.11.20"]
[SourceQuality "1"]

1. Nf3 d6 2. e4 e5 3. d4 Nd7 4. Bc4 h6 5. dxe5 dxe5 6. Bxf7+ Kxf7 7. Nxe5+ Kf6 8. Qd4 c5 9. Qd5 Qe8 10. Ng4+ Ke7 11. Bf4 Ngf6 12. Nxf6 Nxf6 13. Qb3 Qc6 14. Nd2 Be6 15. Qe3 g5 16. Bg3 Bg7 17. 0-0 Nh5 18. c3 Nxg3 19. hxg3 Rad8 20. f4 gxf4 21. gxf4 Bg4 22. Rae1 c4 23. Rf2 b6 24. Qg3 h5 25. e5 Rd3 26. Qh4+ Kd7 27. Ne4 Re8 28. Rc2 Kc7 29. Nf2 Rdd8 30. Nxg4 hxg4 31. Qxg4 Bf8 32. f5 Bc5+ 33. Kf1 Rh8 34. Re4 Qd5 35. Rd4 Rh1+ 36. Ke2 Qxe5+ 37. Re4 Qd5 38. Qf4+ Kc6 39. Rd2 Qxd2+ 40. Qxd2 Rxd2+ 41. Kxd2 Kd5 42. Re2 Rf1 43. g4 Rf2 44. b4 Rxe2+ 45. Kxe2 Be7 46. b5 Ke4 47. a4 Bf6 48. Kd2 Kf3 49. g5 Bxg5+ 50. Kc2 Ke2 51. Kb2 Kd3 52. a5 Bf6 53. Ka3 Kxc3 0-1

[Event "Milan Carnevale op 4th"]
[Site "Milan"]
[Date "2013.02.17"]
[Round "5"]
[White "Gongalov, Bojan"]
[Black "Marchini, Daniele"]
[Result "1-0"]
[WhiteElo "2118"]
[BlackElo "1871"]
[PlyCount "53"]
[EventDate "2013.02.13"]
[EventType "swiss"]
[EventRounds "6"]
[EventCountry "ITA"]
[SourceTitle "EXT 2014"]
[Source "ChessBase"]
[SourceDate "2013.11.20"]
[SourceVersion "1"]
[SourceVersionDate "2013.11.20"]
[SourceQuality "1"]

1. e4 c5 2. Nf3 d6 3. d4 cxd4 4. Nxd4 Nf6 5. Nc3 a6 6. Bc4 e6 7. Qe2 Nc6 8. Be3 Be7 9. 0-0-0 Qc7 10. Bb3 0-0 11. g4 Nxd4 12. Rxd4 e5 13. Rc4 Qb8 14. g5 Be6 15. gxf6 Bxc4 16. Bxc4 Bxf6 17. Nd5 Bd8 18. Rg1 Re8 19. h4 b5 20. Qg4 g6 21. Bb3 a5 22. h5 Re6 23. Nc3 Rf6 24. Bg5 Rxf2 25. hxg6 Kh8 26. gxf7 Qa7 27. Bf6+ 1-0

[Event "Milan Carnevale op 4th"]
[Site "Milan"]
[Date "2013.02.14"]
[Round "2"]
[White "Gongalov, Bojan"]
[Black "Motola, Jacopo"]
[Result "0-1"]
[WhiteElo "2118"]
[BlackElo "2004"]
[PlyCount "100"]
[EventDate "2013.02.13"]
[EventType "swiss"]
[EventRounds "6"]
[EventCountry "ITA"]
[SourceTitle "EXT 2014"]
[Source "ChessBase"]
[SourceDate "2013.11.20"]
[SourceVersion "1"]
[SourceVersionDate "2013.11.20"]
[SourceQuality "1"]

1. Nf3 d5 2. g3 Nf6 3. Bg2 g6 4. 0-0 Bg7 5. c4 c6 6. d4 0-0 7. Ne5 Be6 8. Qb3 Qb6 9. c5 Qc7 10. Nd3 Na6 11. Bf4 Qc8 12. Be5 Nc7 13. Rc1 Nh5 14. Bxg7 Kxg7 15. Nd2 Nf6 16. Qd1 Bf5 17. Ne5 Nd7 18. f4 Nf6 19. Qf1 h5 20. h3 Nb5 21. e3 Nc7 22. Kh2 Rh8 23. Nd3 Ne4 24. Nxe4 Bxe4 25. Ne1 Bxg2 26. Kxg2 f5 27. h4 Ne8 28. b4 Nf6 29. Nf3 Ne4 30. Ne5 a6 31. Qd3 Qc7 32. a4 Rhb8 33. Rc2 Rc8 34. Ra3 Ra7 35. Rb3 b5 36. cxb6 Qxb6 37. b5 axb5 38. axb5 c5 39. dxc5 Rxc5 40. Rcb2 Rac7 41. Nf3 Kf7 42. Nd4 Rc3 43. Qe2 e6 44. Rxc3 Nxc3 45. Qd3 Rc4 46. Rb3 Qa5 47. b6 Rxd4 48. Qxc3 Rd2+ 49. Kf3 Qa2 50. e4 fxe4+ 0-1

[Event "Milan Crespi op-B 33rd"]
[Site "Milan"]
[Date "2012.12.06"]
[Round "6"]
[White "Gongalov, Bojan"]
[Black "Van den Bersselaar, Jeroen"]
[Result "1-0"]
[WhiteElo "2116"]
[BlackElo "2176"]
[PlyCount "59"]
[EventDate "2012.12.01"]
[EventType "swiss"]
[EventRounds "9"]
[EventCountry "ITA"]
[SourceTitle "EXT 2014"]
[Source "ChessBase"]
[SourceDate "2013.11.20"]
[SourceVersion "1"]
[SourceVersionDate "2013.11.20"]
[SourceQuality "1"]

1. Nf3 d5 2. g3 Nf6 3. Bg2 c6 4. c4 dxc4 5. 0-0 Nbd7 6. Qc2 Nb6 7. a4 a5 8. Na3 Be6 9. Ng5 Qd7 10. Nxe6 Qxe6 11. Bf3 g6 12. Rb1 Bg7 13. b3 cxb3 14. Rxb3 Nfd7 15. Bb2 Bf6 16. Rb1 Ra6 17. d4 0-0 18. Ba1 Rd8 19. e4 c5 20. d5 Qd6 21. Be2 Raa8 22. Nb5 Qb8 23. Nc3 Qc7 24. Bg4 c4 25. Rb5 Ra6 26. f4 Bd4+ 27. Kg2 Nc5 28. Ne2 Bxa1 29. Rxa1 Nb3 30. Rxb3 1-0

[Event "Milan Crespi op-B 33rd"]
[Site "Milan"]
[Date "2012.12.04"]
[Round "4"]
[White "Gongalov, Bojan"]
[Black "Massironi, Marco"]
[Result "1/2-1/2"]
[WhiteElo "2116"]
[BlackElo "2214"]
[PlyCount "40"]
[EventDate "2012.12.01"]
[EventType "swiss"]
[EventRounds "9"]
[EventCountry "ITA"]
[SourceTitle "EXT 2014"]
[Source "ChessBase"]
[SourceDate "2013.11.20"]
[SourceVersion "1"]
[SourceVersionDate "2013.11.20"]
[SourceQuality "1"]

1. Nf3 Nf6 2. g3 g6 3. Bg2 Bg7 4. 0-0 d5 5. c4 c6 6. d4 0-0 7. Ne5 Bf5 8. Nc3 Ne4 9. cxd5 cxd5 10. Qb3 Nc6 11. Qxd5 Nxc3 12. bxc3 Qxd5 13. Bxd5 Nxe5 14. dxe5 Bxe5 15. Bh6 Rfd8 16. e4 Bh3 17. Rfc1 Rac8 18. Bxb7 Rxc3 19. Rab1 Rxc1+ 20. Rxc1 Bb2 1/2-1/2

[Event "Milan Molinari Memorial 6th"]
[Site "Milan"]
[Date "2012.10.27"]
[Round "4"]
[White "Gongalov, Bojan"]
[Black "Cazzaniga, Walter"]
[Result "1-0"]
[WhiteElo "2089"]
[BlackElo "2151"]
[PlyCount "53"]
[EventDate "2012.10.24"]
[EventType "swiss"]
[EventRounds "6"]
[EventCountry "ITA"]
[SourceTitle "EXT 2014"]
[Source "ChessBase"]
[SourceDate "2013.11.20"]
[SourceVersion "1"]
[SourceVersionDate "2013.11.20"]
[SourceQuality "1"]

1. d4 Nf6 2. c4 g6 3. Nc3 Bg7 4. e4 d6 5. Be2 0-0 6. Nf3 e5 7. 0-0 Nc6 8. d5 Ne7 9. Ne1 Ne8 10. Nd3 f5 11. f3 f4 12. Bd2 g5 13. c5 Rf6 14. Qb3 Rg6 15. Rfc1 Kh8 16. h3 h5 17. Qd1 Ng8 18. b4 Nh6 19. Nf2 Bf6 20. Be1 g4 21. fxg4 hxg4 22. Bxg4 Bxg4 23. Nxg4 Nxg4 24. hxg4 Bh4 25. Qf3 Bxe1 26. Rxe1 Qh4 27. Qh3 1-0

[Event "Milan SSM July"]
[Site "Milan"]
[Date "2012.07.01"]
[Round "4"]
[White "Gongalov, Bojan"]
[Black "Madaschi, Sergio"]
[Result "1/2-1/2"]
[WhiteElo "2090"]
[BlackElo "1558"]
[PlyCount "50"]
[EventDate "2012.06.28"]
[EventType "swiss"]
[EventRounds "5"]
[EventCountry "ITA"]
[SourceTitle "EXT 2024"]
[Source "ChessBase"]
[SourceDate "2023.10.10"]
[SourceVersion "1"]
[SourceVersionDate "2023.10.10"]
[SourceQuality "1"]

1. Nc3 Nc6 2. d4 e6 3. e4 d5 4. e5 Bb4 5. Qg4 Nge7 6. Bd3 Ng6 7. h4 h5 8. Qg3 Nce7 9. Bg5 0-0 10. Qf3 c5 11. a3 Qa5 12. Nge2 cxd4 13. Bxe7 Bxe7 14. Nxd4 Nxe5 15. Qxh5 Nxd3+ 16. cxd3 Bf6 17. Nde2 g6 18. Qf3 Bxc3+ 19. Nxc3 d4 20. b4 Qe5+ 21. Qe4 Qxe4+ 22. Nxe4 b6 23. h5 gxh5 24. Nf6+ Kg7 25. Nxh5+ Kg6 1/2-1/2

[Event "Milan SSM op"]
[Site "Milan"]
[Date "2011.07.31"]
[Round "3"]
[White "Quaranta, Cristiano"]
[Black "Gongalov, Bojan"]
[Result "1/2-1/2"]
[WhiteElo "2140"]
[BlackElo "2045"]
[PlyCount "48"]
[EventDate "2011.07.29"]
[EventType "swiss"]
[EventRounds "7"]
[EventCountry "ITA"]
[SourceTitle "EXT 2014"]
[Source "ChessBase"]
[SourceDate "2013.11.20"]
[SourceVersion "1"]
[SourceVersionDate "2013.11.20"]
[SourceQuality "1"]

1. d4 Nf6 2. c4 g6 3. Nc3 d5 4. Nf3 Bg7 5. Bg5 Ne4 6. Bh4 Nxc3 7. bxc3 c5 8. e3 cxd4 9. cxd4 0-0 10. cxd5 Qxd5 11. Be2 Nc6 12. 0-0 e5 13. dxe5 Qxd1 14. Rfxd1 Nxe5 15. Rab1 Nc6 16. Bg3 Re8 17. Bb5 Bf5 18. Rbc1 Red8 19. Rxd8+ Rxd8 20. h3 Be4 21. Bc4 Bd5 22. Bh4 Rd7 23. Rd1 Be6 24. Rxd7 Bxd7 1/2-1/2

[Event "Milan SSM op"]
[Site "Milan"]
[Date "2011.07.30"]
[Round "2"]
[White "Gongalov, Bojan"]
[Black "Cazzaniga, Walter"]
[Result "1-0"]
[WhiteElo "2045"]
[BlackElo "2088"]
[PlyCount "73"]
[EventDate "2011.07.29"]
[EventType "swiss"]
[EventRounds "7"]
[EventCountry "ITA"]
[SourceTitle "EXT 2014"]
[Source "ChessBase"]
[SourceDate "2013.11.20"]
[SourceVersion "1"]
[SourceVersionDate "2013.11.20"]
[SourceQuality "1"]

1. c4 Nf6 2. e3 g6 3. b4 Bg7 4. Bb2 0-0 5. h4 d5 6. cxd5 Qxd5 7. Nc3 Qf5 8. d4 e5 9. Bd3 e4 10. Be2 Nc6 11. a3 Ne7 12. Nh3 Ned5 13. Nxd5 Nxd5 14. Ng5 Re8 15. g4 Qf6 16. Qc2 Qe7 17. Rc1 c6 18. Qc5 Qd8 19. b5 Bf8 20. Qc2 h6 21. Nxe4 Qe7 22. Ng3 Bd7 23. h5 Qd6 24. hxg6 Qxg6 25. Nf5 cxb5 26. Bd3 Qxg4 27. Kf1 Qf3 28. Rg1+ Kh8 29. Rg3 Qh1+ 30. Ke2 Qh5+ 31. Kd2 Rac8 32. Qd1 Qxd1+ 33. Rxd1 Bxf5 34. Bxf5 Rc7 35. Rdg1 Be7 36. Rh1 Bf8 37. e4 1-0

[Event "Milan Palladino Memorial"]
[Site "Milan"]
[Date "2011.04.25"]
[Round "6"]
[White "Bonassi, Tommaso"]
[Black "Gongalov, Bojan"]
[Result "0-1"]
[WhiteElo "1865"]
[BlackElo "2061"]
[PlyCount "60"]
[EventDate "2011.04.21"]
[EventType "swiss"]
[EventRounds "7"]
[EventCountry "ITA"]
[SourceTitle "EXT 2023"]
[Source "ChessBase"]
[SourceDate "2022.10.05"]
[SourceVersion "1"]
[SourceVersionDate "2022.10.05"]
[SourceQuality "1"]

1. e4 Nf6 2. e5 Nd5 3. d4 d6 4. c4 Nb6 5. f4 Bf5 6. Nc3 dxe5 7. fxe5 e6 8. Be3 Nc6 9. Nf3 Be7 10. Be2 0-0 11. 0-0 f6 12. Qe1 Nb4 13. Qg3 Nc2 14. Bh6 Bg6 15. Rac1 Nxd4 16. Rfd1 Bc5 17. Kh1 Nxe2 18. Nxe2 Qe8 19. exf6 Rxf6 20. Qxc7 Bf8 21. Bg5 Rf5 22. Ned4 Rc8 23. Qxb7 Rf7 24. Qa6 e5 25. Re1 e4 26. Nh4 Qe5 27. Nxg6 Qxg5 28. Nxf8 Rcxf8 29. Ne6 Qxc1 30. Qxa7 Qxe1# 0-1

[Event "Milan Crespi op-B 31th"]
[Site "Milan"]
[Date "2010.12.05"]
[Round "2"]
[White "Gongalov, Bojan"]
[Black "Nepi, Ezio"]
[Result "1-0"]
[WhiteElo "2026"]
[BlackElo "1904"]
[PlyCount "125"]
[EventDate "2010.12.04"]
[EventType "swiss"]
[EventRounds "7"]
[EventCountry "ITA"]
[SourceTitle "EXT 2024"]
[Source "ChessBase"]
[SourceDate "2023.10.10"]
[SourceVersion "1"]
[SourceVersionDate "2023.10.10"]
[SourceQuality "1"]

1. d4 d5 2. c4 c6 3. g3 Nf6 4. Nf3 Bf5 5. Nc3 e6 6. Bg2 h6 7. 0-0 Nbd7 8. Ne5 Be7 9. h3 0-0 10. Bf4 Bh7 11. Rc1 Re8 12. Nxd7 Qxd7 13. Be5 Qd8 14. Qa4 Nd7 15. cxd5 exd5 16. Nxd5 cxd5 17. Bc7 Nb6 18. Qb3 Qd7 19. Bxb6 axb6 20. Bxd5 Bf6 21. Qf3 Re7 22. e4 Qxh3 23. e5 Bg5 24. Rc3 Rd8 25. Bxb7 Qd7 26. Be4 Bxe4 27. Qxe4 Ree8 28. Rd1 Qd5 29. Qxd5 Rxd5 30. f4 Be7 31. Kg2 Red8 32. Kf3 Rxd4 33. Rxd4 Rxd4 34. Rc8+ Rd8 35. Rc6 Bc5 36. a3 Rd3+ 37. Ke4 Rb3 38. Rc8+ Bf8 39. f5 Rxb2 40. e6 fxe6 41. fxe6 g6 42. Ke5 Kg7 43. Rc7+ Kg8 44. Kf6 Re2 45. a4 Re3 46. Rc8 Rf3+ 47. Ke5 Re3+ 48. Kd5 Kg7 49. Rc7+ Kg8 50. g4 h5 51. g5 h4 52. Rb7 h3 53. Rxb6 h2 54. Rb1 Rh3 55. Rh1 Be7 56. a5 Bxg5 57. Ke5 Be3 58. Kf6 Bg1 59. e7 Re3 60. a6 Re2 61. Rxh2 Bxh2 62. a7 Be5+ 63. Kxg6 1-0

[Event "Milan Palladino Memorial"]
[Site "Milan"]
[Date "2009.04.13"]
[Round "5"]
[White "Gongalov, Bojan"]
[Black "Astengo, Corrado"]
[Result "1-0"]
[WhiteElo "2137"]
[BlackElo "2208"]
[PlyCount "55"]
[EventDate "2009.04.10"]
[EventType "swiss"]
[EventRounds "6"]
[EventCountry "ITA"]
[SourceTitle "EXT 2011"]
[Source "ChessBase"]
[SourceDate "2010.11.26"]
[SourceVersion "1"]
[SourceVersionDate "2010.11.26"]
[SourceQuality "1"]

1. d4 d5 2. c4 c6 3. Nf3 Nf6 4. g3 Bf5 5. Nc3 e6 6. Bg2 Nbd7 7. 0-0 Bd6 8. Bg5 h6 9. Bxf6 Nxf6 10. Ne5 0-0 11. Rc1 Ng4 12. e4 Nxe5 13. dxe5 Bxe5 14. exf5 d4 15. Qe2 Bf6 16. Ne4 exf5 17. Nxf6+ Qxf6 18. c5 Rfe8 19. Qd3 Rad8 20. Rc4 Qe5 21. Bf3 f4 22. Rd1 fxg3 23. hxg3 Qf6 24. Kg2 Re5 25. Rxd4 Rde8 26. Rf4 Qe6 27. Qc4 Qe7 28. Rd6 1-0

[Event "Milan Palladino Memorial"]
[Site "Milan"]
[Date "2009.04.11"]
[Round "2"]
[White "Rossi, Giampiero"]
[Black "Gongalov, Bojan"]
[Result "0-1"]
[WhiteElo "1915"]
[BlackElo "2137"]
[PlyCount "58"]
[EventDate "2009.04.10"]
[EventType "swiss"]
[EventRounds "6"]
[EventCountry "ITA"]
[SourceTitle "EXT 2011"]
[Source "ChessBase"]
[SourceDate "2010.11.26"]
[SourceVersion "1"]
[SourceVersionDate "2010.11.26"]
[SourceQuality "1"]

1. d4 Nf6 2. c4 g6 3. g3 Bg7 4. Bg2 d5 5. cxd5 Nxd5 6. e4 Nb6 7. Ne2 Bg4 8. f3 Be6 9. Nbc3 Bc4 10. b3 Ba6 11. Be3 0-0 12. Qd2 Nc6 13. 0-0-0 Qd6 14. e5 Qa3+ 15. Qb2 Qa5 16. Kb1 Nb4 17. Nc1 N6d5 18. Nxd5 Nxd5 19. Bd2 Qb6 20. f4 Rfd8 21. Bf1 c5 22. dxc5 Qxc5 23. Bxa6 bxa6 24. Rhe1 a5 25. Ne2 Rac8 26. Rc1 Qb5 27. Nc3 Qd3+ 28. Qc2 Nxc3+ 29. Bxc3 Rxc3 0-1